| 000 | 00600nam a2200181Ia 4500 | ||
|---|---|---|---|
| 003 | OSt | ||
| 005 | 20240814103301.0 | ||
| 008 | 210210b1959 xxu||||| |||| 00| 0 eng d | ||
| 040 | _c AL | ||
| 041 | _aKannada | ||
| 082 | _a856/182 | ||
| 100 |
_aSHRIDHARA (B H) _931837 _dಶ್ರೀಧರ ಬಿ ಎಚ್ |
||
| 245 |
_aBharatiya nagarikatege manuvina koduge _bಭಾರತೀಯ ನಾಗರಿಕತೆಗೆ ಮನುವಿನ ಕೊಡುಗೆ |
||
| 260 |
_aDharavada _bKarnataka Vishvavidyanilalya _c1959 |
||
| 690 |
_aKannada Miscellaneous _931842 |
||
| 906 | _a020421 | ||
| 942 |
_2ddc _cBK |
||
| 999 |
_c144570 _d144570 |
||